Đặc điểm tạp văn trên An Hà báo : Luận văn Thạc sĩ. Chuyên ngành Văn học Việt Nam
Giới thiệu, tiếp cận và phân tích các phương diện nội dung, nghệ thuật của mảng tạp văn trên An Hà báo
Gardado en:
| Autor Principal: | |
|---|---|
| Formato: | Libro |
| Idioma: | Undetermined |
| Publicado: |
Cần Thơ
Trường Đại học Cần Thơ
2018
|
| Những chủ đề: | |
| Các nhãn: |
Engadir etiqueta
Sen Etiquetas, Sexa o primeiro en etiquetar este rexistro!
|
| Thư viện lưu trữ: | Trung tâm Học liệu Trường Đại học Cần Thơ |
|---|
| LEADER | 00901nam a2200217Ia 4500 | ||
|---|---|---|---|
| 001 | CTU_228091 | ||
| 008 | 210402s9999 xx 000 0 und d | ||
| 082 | |a 895.9228 | ||
| 082 | |b D500 | ||
| 088 | |a 8220121 | ||
| 100 | |a Võ, Thanh Dũ | ||
| 245 | 0 | |a Đặc điểm tạp văn trên An Hà báo : | |
| 245 | 0 | |b Luận văn Thạc sĩ. Chuyên ngành Văn học Việt Nam | |
| 245 | 0 | |c Võ Thanh Dũ ; Lê Ngọc Thúy (Cán bộ hướng dẫn) | |
| 260 | |a Cần Thơ | ||
| 260 | |b Trường Đại học Cần Thơ | ||
| 260 | |c 2018 | ||
| 520 | |a Giới thiệu, tiếp cận và phân tích các phương diện nội dung, nghệ thuật của mảng tạp văn trên An Hà báo | ||
| 650 | |a Vietnamese literature,Văn học Việt Nam | ||
| 910 | |b nthai | ||
| 980 | |a Trung tâm Học liệu Trường Đại học Cần Thơ | ||